00937nam a2200253 a 4500003000400000005001700004008004100021040001400062082002000076245008000096250002200176264012900198300003400327336002700361337002700388338002800415504006200443650002800505650003300533650002200566650004200588650002700630700002600657OSt20240919133433.0240410s2013 mx a|||| |||| 001 0 spa d cCHAPerda00222 a633.5bC9613aEl cultivo del maguey pulquero /cpor Raúl Nieto Angel ...[y otros tres]. aPrimera edición 1aChapingo, Méx. :bSecretaria de Desarrollo Agropecuario del Estado de México ;bUACH. Departamento de Fitotecnia,c2013. a93 páginas:bilustraciones. 2rdacontentatextobtxt 2rdamediaasin mediobn 2rdacarrieravolumenbnc aIncluye referencias bibliográficas páginas : 92. : 4aAgave salmianaxCultivo 4aAgave salmianaxSubproductos 4aPulquexProcesado 4aAgave salmianaxEnfermedadesxControl 4aAgave salmianaxPlagas1 aNieto Ángel, Raúl